000 00377nam a2200157Ia 4500
008 230711s9999||||xx |||||||||||||| ||und||
041 _aENG
082 _a621
_bDU-E
100 _aDuggal,BD
245 0 _aFundamentals of electricity and magnetism
250 _a1st Ed.
260 _c1991
_aNew Delhi
_bKhanna Publishers
650 _aPhysics
700 _aChhabra,CI
942 _cBK
999 _c11
_d11